[Event "Moscow Youth U19 2019"]
[Site "Moscow"]
[Date "2019.11.20"]
[Round "3.9"]
[White "Sauri, Georgy"]
[Black "Buniatyan, David"]
[Result "0-1"]
[WhiteElo "1494"]
[BlackElo "1960"]
[Annotator "NA"]
[PlyCount "50"]
[EventDate "2019.11.18"]
[EventType "swiss"]
[EventCountry "RUS"]
[SourceTitle "playchess.com"]
[Source "ChessBase"]
[SourceQuality "1"]
[TimeControl "5400+30"]

{[%evp 18,46,17,0,32767,32767,32767,32767,32767,-57,-50,-94,-79,32767,-83,-91,-92,-99,32767,32767,-95,-209,-154,-527,-539,-536,32767,32767,32767,-656,-687]} 1. e4 {[%emt 0:00:00]} c5 {[%emt 0:00:20]} 2. Nf3 {[%emt 0:00:00]} d6 {[%emt 0:00:51]} 3. d4 {[%emt 0:00:00]} cxd4 {[%emt 0:00:05]} 4. Nxd4 {[%emt 0:00:00]} Nf6 {[%emt 0:00:06]} 5. Nc3 {[%emt 0:00:00]} a6 {[%emt 0:00:30]} 6. Be2 {[%emt 0:00:21]} e5 {[%emt 0:00:27]} 7. Nb3 {[%emt 0:01:47]} Be7 {[%emt 0:00:30]} 8. O-O {[%emt 0:00:12]} Be6 {[%emt 0:00:58]} 9. Be3 {[%emt 0:01:00]} Nbd7 {[%emt 0:01:17]} 10. f3 {[%emt 0:02:40]} O-O {[%emt 0:01:30]} 11. Qd2 {[%emt 0:00:03]} b5 {[%emt 0:01:41]} 12. a3 {[%emt 0:03:16]} Rc8 {[%emt 0:01:19]} 13. Rad1 {[%emt 0:04:26] B92: Sicilian Najdorf: 6 Be2} ({Better is} 13. a4 $11) (13. Rfd1 Nb6 14. Nc1 d5 15. exd5 Nfxd5 16. Nxd5 Nxd5 17. Bf2 Qc7 18. c3 Bc5 19. Nd3 Bxf2+ 20. Nxf2 Qb6 {0-1 (35) Bjorgvik,J (1777)-Sand,R (1989) Bled 2018}) 13... Nb6 {[%emt 0:01:48]} 14. Qc1 $146 {[%emt 0:02:28]} ({Predecessor:} 14. Kh1 Nc4 {½-½ (14) Kubat,M (1881)-Vartazarian,G (1775) Klatovy 2018}) 14... d5 {[%emt 0:05:03]} 15. exd5 {[%emt 0:00:59]} Nbxd5 {[%emt 0:00:17]} 16. Nxd5 {[%emt 0:00:17]} Nxd5 {[%emt 0:00:14]} 17. Bd3 {[%emt 0:02:28]} Qc7 {[%emt 0:01:13]} 18. Kh1 {[%emt 0:05:20]} Rfd8 {[%emt 0:03:28]} 19. f4 {[%emt 0:08:05]} (19. Bd2 $17 {keeps fighting.}) 19... exf4 {[%emt 0:02:06]} 20. Bxf4 $2 {[%emt 0:01:03]} (20. Bd2 {is a better chance.}) 20... Nxf4 {[%emt 0:00:09]} 21. Qxf4 {[%emt 0:00:07]} Qxf4 {[%emt 0:00:26]} 22. Rxf4 {[%emt 0:00:06]} Bxb3 {[%emt 0:00:14]} 23. cxb3 {[%emt 0:05:49] [#]} Rxd3 $19 {[%emt 0:00:27]} 24. Rxd3 {[%emt 0:00:06]} Rc1+ {[%emt 0:00:09]} 25. Rf1 {[%emt 0:00:03]} Rxf1# {[%emt 0:00:05]} 0-1

[Event "Moscow Youth U19 2019"]
[Site "Moscow"]
[Date "2019.11.20"]
[Round "3.10"]
[White "Budnichenko, Vladimir"]
[Black "Beliuga, Mikhail"]
[Result "0-1"]
[WhiteElo "1489"]
[BlackElo "1816"]
[Annotator "NA"]
[PlyCount "82"]
[EventDate "2019.11.18"]
[EventType "swiss"]
[EventCountry "RUS"]
[SourceTitle "playchess.com"]
[Source "ChessBase"]
[SourceQuality "1"]
[TimeControl "5400+30"]

1. e4 {[%emt 0:00:00]} c6 {[%emt 0:01:04]} 2. d4 {[%emt 0:00:00]} d5 {[%emt 0:00:03]} 3. exd5 {[%emt 0:00:00]} cxd5 {[%emt 0:00:04]} 4. Nf3 {[%emt 0:00:00]} Nc6 {[%emt 0:00:07]} 5. Ne5 {[%emt 0:00:00]} Nxe5 {[%emt 0:03:29]} (5... Nf6 6. Bb5 Bd7 7. Nxd7 Qxd7 8. c3 e6 9. O-O Bd6 10. Nd2 Qc7 11. g3 h5 {½-½ (28) Shankland,S (2705)-Ding,L (2811) chess.com INT 2019}) 6. dxe5 {[%emt 0:00:00] B13: Caro-Kann: Exchange Variation and Panov-Botvinnik Attack} e6 {[%emt 0:00:06]} 7. Be3 {[%emt 0:00:27]} Ne7 {[%emt 0:10:25]} 8. Bd3 {[%emt 0:05:53]} Nc6 {[%emt 0:07:45]} 9. f4 {[%emt 0:02:56]} Bd7 $146 {[%emt 0:08:56]} ({Predecessor:} 9... Nb4 10. Be2 Be7 11. c3 Nc6 {½-½ (66) Ma,B (1985)-Kemeny,M (2011) Hamburg 2006}) 10. c3 {[%emt 0:04:19]} Rb8 {[%emt 0:07:58]} 11. O-O {[%emt 0:03:15]} Be7 {[%emt 0:00:15]} 12. Qh5 {[%emt 0:05:22]} g6 {[%emt 0:00:12]} 13. Qh6 {[%emt 0:02:29]} Bf8 {[%emt 0:25:41]} 14. Qh3 {[%emt 0:00:07]} b6 {[%emt 0:00:35]} 15. Kh1 {[%emt 0:04:24]} Bg7 {[%emt 0:01:32]} 16. Nd2 {[%emt 0:06:12]} O-O {[%emt 0:01:58]} 17. Nf3 {[%emt 0:04:02]} Qe7 {[%emt 0:28:20]} 18. Ng5 {[%emt 0:10:11]} h6 {[%emt 0:00:00]} 19. Nf3 {[%emt 0:00:05]} b5 {[%emt 0:00:00]} 20. b4 {[%emt 0:08:04]} Rfc8 {[%emt 0:00:00]} 21. Qg3 {[%emt 0:05:15]} a6 {[%emt 0:00:00]} 22. h4 {[%emt 0:04:22]} h5 {[%emt 0:00:00]} 23. Bc5 {[%emt 0:02:46]} Qe8 {[%emt 0:00:00]} 24. a3 {[%emt 0:07:13]} Bf8 {[%emt 0:00:00]} 25. Be3 {[%emt 0:04:32]} a5 {[%emt 0:00:00]} 26. Qh3 {[%emt 0:04:10]} Rc7 {[%emt 0:00:00]} 27. g4 {[%emt 0:00:37]} hxg4 {[%emt 0:00:43]} 28. Qxg4 {[%emt 0:00:05]} d4 {[%emt 0:01:40]} 29. Nxd4 {[%emt 0:00:33]} Nxd4 {[%emt 0:00:54]} 30. Bxd4 {[%emt 0:00:11]} axb4 {[%emt 0:01:25]} 31. axb4 {[%emt 0:00:11]} f5 $2 {[%emt 0:00:40]} (31... Bg7 32. Kh2 Qc8) 32. Qg3 $11 {[%emt 0:02:25]} (32. exf6 $18 e5 33. Qg5 Bc6+ 34. Kh2) 32... Bc6+ {[%emt 0:00:21]} 33. Kh2 {[%emt 0:00:22]} Rh7 {[%emt 0:00:12]} 34. Rg1 {[%emt 0:02:22]} Be7 {[%emt 0:00:09]} 35. Qxg6+ {[%emt 0:01:21]} Qxg6 {[%emt 0:00:05]} 36. Rxg6+ {[%emt 0:00:05]} Kf7 {[%emt 0:00:07]} 37. Bxf5 {[%emt 0:03:42]} Rxh4+ {[%emt 0:03:07]} 38. Kg3 {[%emt 0:00:18]} Bd5 {[%emt 0:00:33]} 39. Rg4 {[%emt 0:02:16]} exf5 {[%emt 0:00:27]} 40. Rxh4 {[%emt 0:00:09]} Rg8+ {[%emt 0:00:04]} 41. Kh2 {[%emt 0:00:39]} Bxh4 {[%emt 0:00:21]} 0-1

[Event "Moscow Youth U19 2019"]
[Site "Moscow"]
[Date "2019.11.21"]
[Round "4.1"]
[White "Makarian, Rudik"]
[Black "Vetokhin, Savva"]
[Result "1/2-1/2"]
[WhiteElo "2405"]
[BlackElo "2081"]
[Annotator "ChessBase"]
[PlyCount "132"]
[EventDate "2019.11.18"]
[EventType "swiss"]
[EventCountry "RUS"]
[SourceTitle "playchess.com"]
[Source "ChessBase"]
[SourceQuality "1"]
[TimeControl "5400+30"]

1. Nf3 {[%emt 0:00:00]} Nf6 {[%emt 0:00:00]} 2. c4 {[%emt 0:00:00]} e6 {[%emt 0:00:00]} 3. b3 {[%emt 0:00:00]} c5 {[%emt 0:01:28]} 4. Bb2 {[%emt 0:00:00]} Be7 {[%emt 0:00:09]} 5. g3 {[%emt 0:00:28]} O-O {[%emt 0:00:13]} 6. Bg2 {[%emt 0:00:03]} Nc6 {[%emt 0:00:13]} 7. O-O {[%emt 0:00:12]} d5 {[%emt 0:01:15]} 8. Ne5 {[%emt 0:11:11]} Nxe5 {[%emt 0:06:52]} 9. Bxe5 {[%emt 0:00:03]} b6 {[%emt 0:00:54]} 10. Nc3 {[%emt 0:28:49]} Bb7 {[%emt 0:01:38]} 11. Rc1 {[%emt 0:01:16]} Qd7 {[%emt 0:06:15]} 12. cxd5 {[%emt 0:13:53]} Nxd5 {[%emt 0:01:10]} 13. d3 {[%emt 0:03:06]} Bd6 {[%emt 0:02:04]} 14. Bxd6 {[%emt 0:02:10]} Qxd6 {[%emt 0:00:14]} 15. Nxd5 {[%emt 0:01:44]} Bxd5 {[%emt 0:00:09]} 16. Bxd5 {[%emt 0:00:05]} Qxd5 {[%emt 0:00:14]} 17. Qc2 {[%emt 0:00:05]} Rfd8 {[%emt 0:00:13]} 18. Qc4 {[%emt 0:00:42]} Rd7 {[%emt 0:00:35]} 19. Qxd5 {[%emt 0:35:43]} Rxd5 {[%emt 0:00:09]} 20. Rc4 {[%emt 0:00:00]} Kf8 {[%emt 0:00:08]} 21. Rfc1 {[%emt 0:00:00]} Ke8 {[%emt 0:00:49]} 22. f4 {[%emt 0:00:00]} Rad8 {[%emt 0:00:55]} 23. Kf2 {[%emt 0:00:00]} Rd4 {[%emt 0:00:22]} 24. Ke3 {[%emt 0:00:00]} Ke7 {[%emt 0:00:09]} 25. a3 {[%emt 0:00:00]} R4d5 {[%emt 0:00:58]} 26. Ra4 {[%emt 0:00:00]} R8d7 {[%emt 0:00:21]} 27. Rac4 {[%emt 0:00:00]} Rd8 {[%emt 0:00:09]} 28. Kf3 {[%emt 0:00:00]} f5 {[%emt 0:00:33]} 29. h3 {[%emt 0:00:00]} h6 {[%emt 0:01:07]} 30. h4 {[%emt 0:00:00]} h5 {[%emt 0:02:00]} 31. R1c2 {[%emt 0:00:00]} Kf6 {[%emt 0:00:15]} 32. Ra4 {[%emt 0:00:00]} R8d7 {[%emt 0:00:10]} 33. Ra6 {[%emt 0:00:00]} e5 {[%emt 0:00:44]} 34. a4 {[%emt 0:00:00]} R5d6 {[%emt 0:01:38]} 35. a5 {[%emt 0:00:00]} Ke6 {[%emt 0:00:27]} 36. fxe5 {[%emt 0:00:00]} Kxe5 {[%emt 0:00:21]} 37. Rc4 {[%emt 0:00:00]} g6 {[%emt 0:01:42]} 38. axb6 {[%emt 0:00:00]} axb6 {[%emt 0:00:20]} 39. b4 {[%emt 0:00:00]} cxb4 {[%emt 0:01:15]} 40. Rxb4 {[%emt 0:00:00]} Rb7 {[%emt 0:00:11]} 41. Rb5+ {[%emt 0:00:00]} Kf6 {[%emt 0:00:11]} 42. Ra8 {[%emt 0:00:00]} Rdd7 {[%emt 0:00:39]} 43. Rc8 {[%emt 0:00:00]} Rd6 {[%emt 0:00:05]} 44. Kf4 {[%emt 0:00:00]} Rd4+ {[%emt 0:00:15]} 45. e4 {[%emt 0:00:00]} Rxd3 {[%emt 0:02:27]} 46. Rc6+ {[%emt 0:00:35]} Kf7 {[%emt 0:00:24]} 47. exf5 {[%emt 0:00:53]} Rd4+ {[%emt 0:00:12]} 48. Kg5 {[%emt 0:01:40]} Rg4+ {[%emt 0:00:17]} 49. Kh6 {[%emt 0:00:03]} gxf5 {[%emt 0:00:21]} 50. Rxf5+ {[%emt 0:00:04]} Ke8 {[%emt 0:00:31]} 51. Rc3 {[%emt 0:03:13]} Rbg7 {[%emt 0:01:32]} 52. Rg5 {[%emt 0:04:52]} R7xg5 {[%emt 0:00:25]} 53. hxg5 {[%emt 0:00:01]} h4 {[%emt 0:01:02]} 54. gxh4 {[%emt 0:00:04]} Rxh4+ {[%emt 0:00:04]} 55. Kg7 {[%emt 0:00:03]} Rg4 {[%emt 0:01:29]} 56. g6 {[%emt 0:00:06]} Kd7 {[%emt 0:00:19]} 57. Rf3 {[%emt 0:01:20]} Kc6 {[%emt 0:01:21]} 58. Rf5 {[%emt 0:00:05]} b5 {[%emt 0:00:21]} 59. Kf6 {[%emt 0:00:31]} b4 {[%emt 0:14:43]} 60. Rf3 {[%emt 0:04:14]} Kc5 {[%emt 0:00:37]} 61. g7 {[%emt 0:00:52]} Rxg7 {[%emt 0:00:56]} 62. Kxg7 {[%emt 0:00:02]} Kc4 {[%emt 0:00:07]} 63. Kf6 {[%emt 0:00:12]} b3 {[%emt 0:00:04]} 64. Ke5 {[%emt 0:00:34]} b2 {[%emt 0:00:03]} 65. Rf1 {[%emt 0:00:07]} Kc3 {[%emt 0:00:05]} 66. Ke4 {[%emt 0:00:13]} Kc2 {[%emt 0:00:03]} 1/2-1/2

[Event "Moscow Youth U19 2019"]
[Site "Moscow"]
[Date "2019.11.21"]
[Round "4.2"]
[White "Usov, Aleksandr E."]
[Black "Pavlov, Danila"]
[Result "0-1"]
[WhiteElo "1930"]
[BlackElo "2369"]
[Annotator "ChessBase"]
[PlyCount "70"]
[EventDate "2019.11.18"]
[EventType "swiss"]
[EventCountry "RUS"]
[SourceTitle "playchess.com"]
[Source "ChessBase"]
[SourceQuality "1"]
[TimeControl "5400+30"]

1. e4 {[%emt 0:00:00]} e6 {[%emt 0:00:00]} 2. d4 {[%emt 0:00:00]} d5 {[%emt 0:00:00]} 3. Nd2 {[%emt 0:00:00]} Nf6 {[%emt 0:00:00]} 4. e5 {[%emt 0:00:00]} Nfd7 {[%emt 0:00:00]} 5. c3 {[%emt 0:00:00]} c5 {[%emt 0:00:00]} 6. Bd3 {[%emt 0:00:04]} Nc6 {[%emt 0:00:00]} 7. Ngf3 {[%emt 0:00:06]} Qb6 {[%emt 0:00:00]} 8. O-O {[%emt 0:00:20]} cxd4 {[%emt 0:00:00]} 9. cxd4 {[%emt 0:00:09]} Nxd4 {[%emt 0:00:03]} 10. Nxd4 {[%emt 0:00:12]} Qxd4 {[%emt 0:00:04]} 11. Nf3 {[%emt 0:00:30]} Qb6 {[%emt 0:00:03]} 12. a3 {[%emt 0:00:33]} Nc5 {[%emt 0:01:12]} 13. Bc2 {[%emt 0:08:58]} a5 {[%emt 0:00:04]} 14. Rb1 {[%emt 0:02:14]} a4 {[%emt 0:00:20]} 15. Be3 {[%emt 0:00:06]} Bd7 {[%emt 0:00:09]} 16. Nd4 {[%emt 0:02:00]} Rc8 {[%emt 0:15:35]} 17. Qe2 {[%emt 0:02:01]} Be7 {[%emt 0:22:47]} 18. f4 {[%emt 0:01:12]} g6 {[%emt 0:00:43]} 19. g4 {[%emt 0:04:21]} Qa6 {[%emt 0:05:04]} 20. Qf3 {[%emt 0:06:12]} h5 {[%emt 0:02:18]} 21. h3 {[%emt 0:06:56]} hxg4 {[%emt 0:00:24]} 22. hxg4 {[%emt 0:00:06]} Bb5 {[%emt 0:12:01]} 23. Rfc1 {[%emt 0:09:54]} Kd7 {[%emt 0:01:47]} 24. Nxb5 {[%emt 0:04:38]} Qxb5 {[%emt 0:00:05]} 25. Bd4 {[%emt 0:03:31]} Nb3 {[%emt 0:10:08]} 26. Bxb3 {[%emt 0:00:25]} axb3 {[%emt 0:00:08]} 27. Rc3 {[%emt 0:03:11]} Rxc3 {[%emt 0:00:16]} 28. Bxc3 {[%emt 0:00:20]} Qc4 {[%emt 0:02:38]} 29. Kg2 {[%emt 0:04:37]} Bc5 {[%emt 0:06:38]} 30. Rd1 {[%emt 0:03:48]} b6 {[%emt 0:02:26]} 31. Kg3 {[%emt 0:04:51]} Kc7 {[%emt 0:04:30]} 32. Rc1 {[%emt 0:12:10]} Kb7 {[%emt 0:02:06]} 33. Bd2 {[%emt 0:04:52]} Qd4 {[%emt 0:00:36]} 34. Rd1 {[%emt 0:01:15]} Qxb2 {[%emt 0:00:42]} 35. Bc3 {[%emt 0:01:13]} Qh2# {[%emt 0:00:05]} 0-1

[Event "Moscow Youth U19 2019"]
[Site "Moscow"]
[Date "2019.11.21"]
[Round "4.3"]
[White "Fedorov, Nikita"]
[Black "Yeritsyan, Aram"]
[Result "1-0"]
[WhiteElo "2133"]
[BlackElo "2276"]
[Annotator "ChessBase"]
[PlyCount "55"]
[EventDate "2019.11.18"]
[EventType "swiss"]
[EventCountry "RUS"]
[SourceTitle "playchess.com"]
[Source "ChessBase"]
[SourceQuality "1"]
[TimeControl "5400+30"]

1. d4 {[%emt 0:00:00]} e6 {[%emt 0:00:00]} 2. Bf4 {[%emt 0:00:00]} c5 {[%emt 0:08:31]} 3. e3 {[%emt 0:00:02]} Nf6 {[%emt 0:01:37]} 4. c3 {[%emt 0:00:06]} cxd4 {[%emt 0:01:16]} 5. cxd4 {[%emt 0:02:11]} Bb4+ {[%emt 0:00:47]} 6. Nd2 {[%emt 0:05:00]} Ne4 {[%emt 0:06:55]} 7. Ngf3 {[%emt 0:00:31]} g5 {[%emt 0:01:15]} 8. Bxb8 {[%emt 0:00:16]} Nxd2 {[%emt 0:00:54]} 9. Nxd2 {[%emt 0:00:07]} Rxb8 {[%emt 0:00:18]} 10. a3 {[%emt 0:01:16]} Be7 {[%emt 0:00:35]} 11. Qh5 {[%emt 0:19:16]} b5 {[%emt 0:02:54]} 12. Bd3 {[%emt 0:03:20]} Qa5 {[%emt 0:03:21]} 13. Ke2 {[%emt 0:03:54]} Bb7 {[%emt 0:03:31]} 14. Rhc1 {[%emt 0:06:33]} h6 {[%emt 0:06:14]} 15. b4 {[%emt 0:11:23]} Qb6 {[%emt 0:59:22]} 16. Be4 {[%emt 0:04:42]} Bc8 {[%emt 0:06:45]} 17. Nf3 {[%emt 0:06:12]} d6 {[%emt 0:04:29]} 18. Rc2 {[%emt 0:06:47]} Bd7 {[%emt 0:06:25]} 19. Rac1 {[%emt 0:00:32]} Qa6 {[%emt 0:07:30]} 20. Rc3 {[%emt 0:17:20]} Kf8 {[%emt 0:11:11]} 21. Rc7 {[%emt 0:01:33]} Be8 {[%emt 0:01:38]} 22. Bc6 {[%emt 0:00:55]} Qxa3 {[%emt 0:02:40]} 23. Bxe8 {[%emt 0:00:08]} Rxe8 {[%emt 0:00:08]} 24. Nxg5 {[%emt 0:00:27]} Qb2+ {[%emt 0:02:15]} 25. Kf3 {[%emt 0:01:32]} Rh7 {[%emt 0:00:43]} 26. Nxh7+ {[%emt 0:00:06]} Kg7 {[%emt 0:00:02]} 27. Nf6 {[%emt 0:00:34]} Kxf6 {[%emt 0:01:02]} 28. Qxh6+ {[%emt 0:00:07]} 1-0

[Event "Moscow Youth U19 2019"]
[Site "Moscow"]
[Date "2019.11.21"]
[Round "4.4"]
[White "Gurvich, Vitaly"]
[Black "Rysaev, Danial"]
[Result "1-0"]
[WhiteElo "2265"]
[BlackElo "2029"]
[Annotator "ChessBase"]
[PlyCount "117"]
[EventDate "2019.11.18"]
[EventType "swiss"]
[EventCountry "RUS"]
[SourceTitle "playchess.com"]
[Source "ChessBase"]
[SourceQuality "1"]
[TimeControl "5400+30"]

1. d4 {[%emt 0:04:45]} Nf6 {[%emt 0:00:00]} 2. c4 {[%emt 0:00:20]} b6 {[%emt 0:00:00]} 3. Nf3 {[%emt 0:00:20]} Bb7 {[%emt 0:00:00]} 4. g3 {[%emt 0:00:04]} Bxf3 {[%emt 0:00:00]} 5. exf3 {[%emt 0:00:03]} e6 {[%emt 0:00:03]} 6. Bg2 {[%emt 0:00:04]} Bb4+ {[%emt 0:01:21]} 7. Nd2 {[%emt 0:01:00]} Nc6 {[%emt 0:01:46]} 8. a3 {[%emt 0:00:50]} Be7 {[%emt 0:00:18]} 9. Nb1 {[%emt 0:11:53]} d5 {[%emt 0:01:46]} 10. Qa4 {[%emt 0:01:00]} Qd7 {[%emt 0:00:14]} 11. cxd5 {[%emt 0:00:08]} Nxd5 {[%emt 0:05:09]} 12. Nc3 {[%emt 0:01:17]} Bf6 {[%emt 0:03:21]} 13. Nxd5 {[%emt 0:03:36]} exd5 {[%emt 0:00:08]} 14. Bh3 {[%emt 0:06:07]} Qxh3 {[%emt 0:03:04]} 15. Qxc6+ {[%emt 0:00:02]} Ke7 {[%emt 0:00:01]} 16. Qxc7+ {[%emt 0:01:36]} Qd7 {[%emt 0:00:02]} 17. Qxd7+ {[%emt 0:01:26]} Kxd7 {[%emt 0:00:00]} 18. Be3 {[%emt 0:00:03]} a5 {[%emt 0:03:55]} 19. Kd2 {[%emt 0:02:13]} a4 {[%emt 0:00:11]} 20. Kd3 {[%emt 0:04:52]} Rac8 {[%emt 0:01:37]} 21. Rhb1 {[%emt 0:01:35]} Rc4 {[%emt 0:07:52]} 22. b3 {[%emt 0:06:10]} axb3 {[%emt 0:00:01]} 23. Rxb3 {[%emt 0:00:01]} Kc6 {[%emt 0:00:01]} 24. Rab1 {[%emt 0:00:55]} Rb8 {[%emt 0:00:33]} 25. Rc3 {[%emt 0:03:11]} Rxc3+ {[%emt 0:00:08]} 26. Kxc3 {[%emt 0:00:04]} Ra8 {[%emt 0:00:04]} 27. Kb3 {[%emt 0:00:41]} Kb5 {[%emt 0:02:20]} 28. Ka2+ {[%emt 0:01:28]} Kc6 {[%emt 0:02:38]} 29. Rc1+ {[%emt 0:00:30]} Kd7 {[%emt 0:00:09]} 30. Kb3 {[%emt 0:00:33]} Be7 {[%emt 0:01:18]} 31. a4 {[%emt 0:00:10]} b5 {[%emt 0:00:21]} 32. axb5 {[%emt 0:00:09]} Rb8 {[%emt 0:00:01]} 33. Ra1 {[%emt 0:00:18]} Rxb5+ {[%emt 0:00:07]} 34. Kc2 {[%emt 0:00:00]} Rb7 {[%emt 0:01:33]} 35. Ra6 {[%emt 0:01:35]} h5 {[%emt 0:01:33]} 36. h3 {[%emt 0:05:17]} Rc7+ {[%emt 0:00:22]} 37. Kd3 {[%emt 0:00:15]} Rb7 {[%emt 0:00:01]} 38. Ra5 {[%emt 0:10:13]} Ke6 {[%emt 0:04:30]} 39. g4 {[%emt 0:00:20]} hxg4 {[%emt 0:02:13]} 40. hxg4 {[%emt 0:02:28]} Rd7 {[%emt 0:02:53]} 41. Bf4 {[%emt 0:02:55]} Bh4 {[%emt 0:01:15]} 42. Ra6+ {[%emt 0:00:12]} Ke7 {[%emt 0:00:04]} 43. Be3 {[%emt 0:01:46]} g5 {[%emt 0:03:34]} 44. f4 {[%emt 0:06:29]} gxf4 {[%emt 0:01:00]} 45. Bxf4 {[%emt 0:00:02]} Rb7 {[%emt 0:01:34]} 46. Bd6+ {[%emt 0:01:45]} Kd7 {[%emt 0:00:16]} 47. f4 {[%emt 0:00:25]} Rb3+ {[%emt 0:02:29]} 48. Kc2 {[%emt 0:00:38]} Rg3 {[%emt 0:00:04]} 49. g5 {[%emt 0:00:55]} Rg2+ {[%emt 0:09:28]} 50. Kd3 {[%emt 0:00:20]} Rb2 {[%emt 0:05:06]} 51. Be5 {[%emt 0:00:52]} Rb5 {[%emt 0:00:02]} 52. Rh6 {[%emt 0:00:46]} Be1 {[%emt 0:00:55]} 53. f5 {[%emt 0:00:59]} Bg3 {[%emt 0:09:05]} 54. Rh7 {[%emt 0:02:06]} Bxe5 {[%emt 0:00:34]} 55. dxe5 {[%emt 0:00:03]} Ke8 {[%emt 0:00:26]} 56. Kd4 {[%emt 0:01:38]} Ra5 {[%emt 0:00:11]} 57. f6 {[%emt 0:01:15]} Ra1 {[%emt 0:00:55]} 58. e6 {[%emt 0:00:32]} fxe6 {[%emt 0:03:01]} 59. g6 {[%emt 0:00:06]} 1-0

[Event "Moscow Youth U19 2019"]
[Site "Moscow"]
[Date "2019.11.21"]
[Round "4.5"]
[White "Sekoyan, Vachagan"]
[Black "Gotsiuk, Denis"]
[Result "1/2-1/2"]
[WhiteElo "2084"]
[BlackElo "1976"]
[Annotator "NA"]
[PlyCount "33"]
[EventDate "2019.11.18"]
[EventType "swiss"]
[EventCountry "RUS"]
[SourceTitle "playchess.com"]
[Source "ChessBase"]
[SourceQuality "1"]
[TimeControl "5400+30"]

1. d4 {[%emt 0:00:00]} d5 {[%emt 0:00:00]} 2. c4 {[%emt 0:00:00]} c5 {[%emt 0:00:00]} 3. cxd5 {[%emt 0:01:39]} Qxd5 {[%emt 0:00:29]} 4. Nf3 {[%emt 0:00:10]} cxd4 {[%emt 0:00:01]} 5. Nc3 {[%emt 0:01:19]} Qa5 {[%emt 0:00:00]} 6. Nxd4 {[%emt 0:01:55]} Nf6 {[%emt 0:00:01]} 7. Bd2 {[%emt 0:06:11]} Qd8 {[%emt 0:00:26]} 8. Nf3 {[%emt 0:04:06]} Nc6 {[%emt 0:04:39]} 9. g3 {[%emt 0:02:27]} e5 {[%emt 0:00:20]} 10. Bg2 {[%emt 0:03:00]} Be7 {[%emt 0:01:06]} 11. O-O {[%emt 0:01:16]} O-O {[%emt 0:02:22]} 12. h3 {[%emt 0:02:53]} h6 {[%emt 0:06:45]} 13. e4 {[%emt 0:04:02]} Be6 {[%emt 0:02:06]} 14. Be3 {[%emt 0:03:20]} Qxd1 {[%emt 0:05:04]} 15. Re1 $2 {[%emt 1:05:12]} (15. Rfxd1 $11 Rfd8 16. Nh4) 15... Qxa1 16. Rxa1 {[%emt 0:00:00]} Rfd8 {[%emt 0:01:17]} 17. Nd1 $19 {[%emt 0:00:00]} 1/2-1/2

[Event "Moscow Youth U19 2019"]
[Site "Moscow"]
[Date "2019.11.21"]
[Round "4.6"]
[White "Zavialov, Nikita A."]
[Black "Beliuga, Mikhail"]
[Result "0-1"]
[WhiteElo "2066"]
[BlackElo "1816"]
[Annotator "NA"]
[PlyCount "118"]
[EventDate "2019.11.18"]
[EventType "swiss"]
[EventCountry "RUS"]
[SourceTitle "playchess.com"]
[Source "ChessBase"]
[SourceQuality "1"]
[TimeControl "5400+30"]

1. e4 {[%emt 0:12:30]} d5 {[%emt 0:00:00]} 2. exd5 {[%emt 0:00:45]} Nf6 {[%emt 0:00:00]} 3. d4 {[%emt 0:01:35]} Nxd5 {[%emt 0:00:00]} 4. g3 {[%emt 0:04:17]} g6 {[%emt 0:01:29]} 5. Bg2 {[%emt 0:00:41]} Bg7 {[%emt 0:00:22]} 6. Ne2 {[%emt 0:01:31] B01: Scandinavian Defence} Bg4 {[%emt 0:15:01]} (6... O-O 7. O-O c6 8. Re1 Bf5 9. c3 Nd7 10. Nf4 Nxf4 11. Bxf4 e5 12. Be3 Nb6 13. Na3 exd4 14. cxd4 {0-1 (55) McPhillips,J (2191)-Smith,A (2449) Helsingor 2015}) 7. Nbc3 {[%emt 0:16:46]} (7. c4 $14 Nb4 8. d5 (8. Bxb7 N8c6 $15)) 7... Nxc3 $146 {[%emt 0:16:02]} ({Predecessor:} 7... c6 8. Nxd5 cxd5 9. c3 O-O 10. O-O Qd7 11. Bf4 Bh3 12. Qd3 Bxg2 13. Kxg2 Nc6 14. Qb5 b6 15. Nc1 Rac8 16. Nd3 Qf5 17. Nb4 {½-½ (17) Schuepferling,P (1488)-Rahn,M (1562) Schney 2013}) 8. bxc3 {[%emt 0:00:10]} c6 {[%emt 0:07:19]} 9. h3 {[%emt 0:14:00]} Bxe2 {[%emt 0:03:47]} 10. Qxe2 {[%emt 0:00:07]} O-O {[%emt 0:00:08]} 11. Rb1 {[%emt 0:01:12]} Qc8 {[%emt 0:05:49]} 12. O-O {[%emt 0:05:13]} Re8 {[%emt 0:02:09]} 13. Rd1 {[%emt 0:05:25]} Nd7 {[%emt 0:04:37]} 14. c4 {[%emt 0:10:37]} e6 {[%emt 0:05:13]} 15. Be3 {[%emt 0:01:39]} Nb6 {[%emt 0:22:00]} 16. Rb3 {[%emt 0:01:40]} Qc7 {[%emt 0:02:18]} 17. Rdb1 {[%emt 0:01:37]} Rab8 {[%emt 0:01:11]} 18. Qd3 {[%emt 0:09:07]} Nd7 {[%emt 0:04:13]} 19. d5 {[%emt 0:02:39]} exd5 {[%emt 0:05:25]} 20. cxd5 {[%emt 0:01:47]} Ne5 {[%emt 0:02:08]} 21. Qf1 {[%emt 0:04:10]} cxd5 {[%emt 0:00:23]} 22. Bxa7 {[%emt 0:00:58]} Rbd8 {[%emt 0:00:50]} 23. Bb6 {[%emt 0:00:32]} Qxc2 {[%emt 0:00:05]} 24. Bxd8 {[%emt 0:01:02]} Rxd8 {[%emt 0:00:01]} 25. a4 {[%emt 0:01:37]} Nc4 {[%emt 0:01:07]} 26. Qd1 {[%emt 0:00:37]} Qf5 {[%emt 0:00:45]} 27. Rxb7 {[%emt 0:00:23]} d4 {[%emt 0:00:13]} 28. Rb8 {[%emt 0:00:34]} Qd7 {[%emt 0:00:49]} 29. R1b7 {[%emt 0:00:41]} Qd6 {[%emt 0:00:07]} 30. Qf3 {[%emt 0:00:35]} Ne5 {[%emt 0:00:53]} 31. Qb3 {[%emt 0:00:31]} Rxb8 {[%emt 0:00:31]} 32. Rxb8+ {[%emt 0:00:08]} Bf8 {[%emt 0:00:02]} 33. Rb6 {[%emt 0:00:52]} Qc7 {[%emt 0:00:50]} 34. Bf1 {[%emt 0:00:30]} (34. Be4 $18) 34... d3 {[%emt 0:00:41]} 35. Rb5 {[%emt 0:00:31]} d2 {[%emt 0:00:24]} 36. Qd1 {[%emt 0:00:27]} Bh6 {[%emt 0:00:33]} 37. Be2 {[%emt 0:00:31]} Nd7 {[%emt 0:00:28]} 38. a5 {[%emt 0:00:30]} Be3 {[%emt 0:00:33]} 39. Kg2 {[%emt 0:00:31]} Qc6+ {[%emt 0:00:27]} 40. Kg1 {[%emt 0:00:17]} Qc7 {[%emt 0:00:14]} 41. Kg2 {[%emt 0:00:41]} Qc6+ {[%emt 0:00:02]} 42. Kg1 {[%emt 0:00:27]} Qc7 {[%emt 0:00:01]} 43. Kf1 {[%emt 0:00:34]} Bh6 {[%emt 0:01:03]} 44. Rb1 {[%emt 0:00:31]} Qxa5 {[%emt 0:00:11]} 45. Kg2 {[%emt 0:00:26]} Qd5+ {[%emt 0:00:59]} 46. Bf3 {[%emt 0:00:15]} Qd4 {[%emt 0:00:33]} 47. Be2 {[%emt 0:00:49]} Nc5 {[%emt 0:00:22]} 48. Rb8+ {[%emt 0:00:27]} Kg7 {[%emt 0:00:04]} 49. Bf3 {[%emt 0:00:34]} Nd3 {[%emt 0:00:25]} 50. Qf1 {[%emt 0:00:28]} Ne1+ {[%emt 0:00:06]} 51. Kh1 $19 {[%emt 0:00:19]} Nxf3 {[%emt 0:00:13]} 52. Qd1 {[%emt 0:00:05]} Qxf2 {[%emt 0:00:14]} 53. Qa1+ {[%emt 0:00:10]} Nd4 {[%emt 0:00:03]} 54. Rb1 {[%emt 0:00:10]} Be3 {[%emt 0:00:52]} 55. Qa5 {[%emt 0:00:27]} Qf3+ {[%emt 0:00:26]} 56. Kh2 {[%emt 0:00:06]} Qe2+ {[%emt 0:00:05]} 57. Kh1 {[%emt 0:00:04]} d1=Q+ {[%emt 0:00:04]} 58. Rxd1 {[%emt 0:00:07]} Qxd1+ {[%emt 0:00:05]} 59. Kg2 {[%emt 0:00:02]} Qg1# {[%emt 0:04:35]} 0-1